000
003260000a22001450004500
003
MACL
040
_a
MACL
090
_c
33037
_d
33035
100
_a
Competition Review P Ltd
245
_a
Quantitative Aptitude Tests
260
_b
Competition Review P Ltd
_c
2002
350
_a
225
650
_a
Logic
942
_c
BOOK
_k
160/COM
999
_c
32700
_d
32700